Music Quiz

Random Music or Song Quiz
Score 0/197 Timer 10:00
0 Plays Today
% Correct
a
100%
and
100%
a
100%
a
100%
the
100%
and
100%
the
100%
is
100%
and
100%
is
100%
you
100%
you
100%
you
100%
do
100%
a
100%
and
100%
a
100%
a
100%
the
100%
And
100%
the
100%
me
100%
We
100%
on
100%
a
100%
and
100%
a
100%
a
100%
the
100%
the
100%
love
88.9%
it
88.9%
was
88.9%
love
88.9%
it
88.9%
was
88.9%
was
88.9%
my
88.9%
It
88.9%
was
88.9%
so
88.9%
In
88.9%
Love
88.9%
so
88.9%
no
88.9%
no
88.9%
good
88.9%
love
88.9%
it
88.9%
was
88.9%
you're
88.9%
it
88.9%
love
88.9%
it
88.9%
was
88.9%
was
88.9%
in
88.9%
Once
77.8%
I
77.8%
had
77.8%
had
77.8%
of
77.8%
like
77.8%
to
77.8%
Once
77.8%
I
77.8%
% Correct
had
77.8%
I
77.8%
like
77.8%
but
77.8%
I
77.8%
what
77.8%
I
77.8%
I'm
77.8%
of
77.8%
if
77.8%
I
77.8%
I'm
77.8%
like
77.8%
Once
77.8%
I
77.8%
had
77.8%
had
77.8%
of
77.8%
like
77.8%
to
77.8%
I
77.8%
I'm
77.8%
don't
77.8%
yeah
77.8%
Yeah
77.8%
Once
77.8%
I
77.8%
had
77.8%
like
77.8%
to
77.8%
It's
66.7%
just
66.7%
one
66.7%
could
66.7%
have
66.7%
out
55.6%
heart
55.6%
thing
55.6%
only
55.6%
find
55.6%
love's
55.6%
gone
55.6%
out
55.6%
thing
55.6%
love's
55.6%
gone
55.6%
find
55.6%
fine
55.6%
out
55.6%
heart
55.6%
thing
55.6%
only
55.6%
find
55.6%
love's
55.6%
gone
55.6%
love's
55.6%
out
55.6%
thing
55.6%
only
55.6%
find
55.6%
love's
55.6%
gone
55.6%
gas
44.4%
Soon
44.4%
turned
44.4%
glass
44.4%
% Correct
Seemed
44.4%
real
44.4%
Soon
44.4%
found
44.4%
seemed
44.4%
real
44.4%
feeling
44.4%
gas
44.4%
Soon
44.4%
turned
44.4%
glass
44.4%
Seemed
44.4%
real
44.4%
made
44.4%
gas
44.4%
Soon
44.4%
turned
44.4%
Seemed
44.4%
real
44.4%
behind
33.3%
divine
33.3%
losing
33.3%
mind
33.3%
behind
33.3%
confusing
33.3%
There's
33.3%
peace
33.3%
mind
33.3%
losing
33.3%
behind
33.3%
Lost
33.3%
cannot
33.3%
Please
33.3%
high
33.3%
true
33.3%
pain
33.3%
ass
33.3%
behind
33.3%
Ooh
33.3%
Ooh
33.3%
Mucho
22.2%
mistrust
22.2%
blind
22.2%
Mucho
22.2%
mistrust
22.2%
between
22.2%
fear
22.2%
teasing
22.2%
Mucho
22.2%
mistrust
22.2%
inside
22.2%
adorable
22.2%
illusion
22.2%
hide
22.2%
using
22.2%
push
22.2%
aside
22.2%
cruising
22.2%
riding
22.2%
bluish
22.2%
light
22.2%
Mucho
22.2%
mistrust
22.2%
pleasing
11.1%
Whoa
11.1%

You're not logged in!

Compare scores with friends on all Sporcle quizzes.
OR
Log In

Sporcle TV

Today on Sporcle TV


Watch our educational content, quiz creation guides, and fun videos on Sporcle TV.

Show Comments

Extras

Created Oct 1, 2019SourceReportNominate
Tags:Song Quiz, Provided

Top Quizzes Today


Score Distribution

Paid Content

Your Account Isn't Verified!

In order to create a playlist on Sporcle, you need to verify the email address you used during registration. Go to your Sporcle Settings to finish the process.

Report this User

Report this user for behavior that violates our Community Guidelines.

Details: